000
00282nam a2200121Ia 4500
005
20251222143158.0
008
251222s9999||||xx |||||||||||||| ||spa||
082
_a
985.26/S21
100
_a
Sandoval, Lourdes
245
0
_a
Futuro de Comas:
264
_b
Gama Gráfica
942
_c
LIB
999
_c
12941
_d
12941